El metro de Madrid (Record no. 72953)

MARC details
000 -LEADER
campo de control de longitud fija 00538nam a2200169 i 4500
001 - NÚMERO DE CONTROL
campo de control 72953
003 - IDENTIFICADOR DE NÚMERO DE CONTROL
campo de control ES-MaACL
005 - FECHA Y HORA DE LA ÚLTIMA TRANSACCIÓN
campo de control 20231209062940.0
007 - CAMPO FIJO DE DESCRIPCIÓN FÍSICA--INFORMACIÓN GENERAL
campo de control de longitud fija t|
008 - DATOS DE LONGITUD FIJA--INFORMACIÓN GENERAL
campo de control de longitud fija 040903s1969 sp ||||1| spa d
100 1# - ENTRADA PRINCIPAL--NOMBRE DE PERSONA
Nombre de persona Gómez-Santos, Marino,
Fechas asociadas al nombre 1930-2020
9 (RLIN) 58158
245 13 - MENCIÓN DEL TÍTULO
Título El metro de Madrid
Resto del título : medio siglo al servicio de la ciudad : 1919-1969 /
Mención de responsabilidad, etc. Marino Gómez-Santos.
260 ## - PUBLICACIÓN, DISTRIBUCIÓN, ETC.
Lugar de publicación, distribución, etc. [Madrid] :
Nombre del editor, distribuidor, etc. Escelicer,
Fecha de publicación, distribución, etc. [1969]
300 ## - DESCRIPCIÓN FÍSICA
Extensión 139 p. :
Otras características físicas il. ;
Dimensiones 29 cm.
852 ## - LOCALIZACIÓN
Ubicación ES-MaACL
Número de control de estantería C-37485
Sublocalización o colección R.71539
Holdings
Estatus retirado Estado de pérdida Estado de daño No para préstamo Biblioteca de origen Biblioteca actual Ubicación en estantería Fecha de adquisición Fuente de adquisición Total de préstamos Signatura topográfica completa Código de barras Visto por última vez Precio de reemplazo Tipo de ítem Koha
        Biblioteca del Ateneo de Madrid Biblioteca del Ateneo de Madrid Depósito 2 17/01/2008     C-37485 1076369 23/02/2023 23/02/2023 Libro impreso